| 000 | 00697nam a2200193 a 4500 | ||
|---|---|---|---|
| 001 | BRCA_715 | ||
| 005 | 20190320203122.0 | ||
| 008 | 121108s1993-------a---###---#000-0#fr--# | ||
| 020 | _a906988058X | ||
| 050 | 4 |
_aN6550 _b.A44 1993 |
|
| 245 | 1 | 0 |
_aL´Aigle et le Soleil _b3000 ans d´Art Mexicain. |
| 260 |
_aBruselas _bFundación Europalia Internacional _c1993 |
||
| 300 |
_a250 p. _bil. a color, mapas _c27 cm. |
||
| 500 | _aCatálogo de la exposición realizada en el Palais des Beaux-Arts (Bruselas), 23 septiembre - 19 diciembre, 1993 | ||
| 500 | _aEuropalia 93, México | ||
| 650 | 1 | 4 |
_aArte mexicano _vExposiciones _92351 |
| 650 | 1 | 4 |
_aArte mexicano _vExposiciones _xHistoria _92134 |
| 942 |
_2lcc _cB |
||
| 999 |
_c616 _d616 |
||